Statistics for Sets of Countries Sharing More Than Three First Letters

Click here to take the quiz!

General Stats

  • This quiz has been taken 1,142 times
  • The average score is 17 of 25

Answer Stats

Answer% Correct
United States
90%
South Korea
89%
United Kingdom
88%
South Africa
87%
South Sudan
86%
United Arab Emirates
85%
Australia
81%
Austria
81%
Niger
73%
Nigeria
73%
Guinea
71%
Guinea-Bissau
69%
Dominica
65%
Dominican Republic
65%
Turkey
61%
Saint Kitts and Nevis
60%
Saint Lucia
60%
Slovakia
60%
Slovenia
60%
Turkmenistan
60%
Saint Vincent and the Grenadines
58%
Mauritania
53%
Mauritius
53%
Malaysia
39%
Malawi
37%

Score Distribution

Percentile by Number Answered

Percent of People with Each Score

Your Score History

You have not taken this quiz